000 00934nmc a2200337 a 4500
003 AR-BaBNM
005 20251128204902.0
008 011101s1994 ||||||||||||||000 | spa||
020 _a84-7043-771-2
040 _cAR-BaBNM
100 1 _aMotto, Francesco
245 1 0 _aJuan Bosco, cartas a jóvenes y educadores
250 _a1ª ed.
260 _aMadrid
_bCCS
_c1994
300 0 _a279 p.
490 0 _aFuentes y documentos de pedagogía
_vv. 2
500 0 _aIndice de nombres propios p. 273-277
650 4 _aJUVENTUD
650 4 _aEDUCACION
650 4 _aPROBLEMAS DE LA JUVENTUD
650 4 _aBIENESTAR SOCIAL
650 4 _aCONSEJEROS PEDAGOGICOS
650 4 _aMISIONES DE EDUCACION
650 4 _aCORRESPONDENCIA
653 0 _aSISTEMA EDUCATIVO
653 0 _aCOMUNIDAD EDUCATIVA
700 1 _aGarcía Verdugo, Alberto
_etraductor
700 1 _aAlfaro, Rafael
_etraductor
942 _cBK
998 _cCarmen
999 _c9196
_d9196